000 01160cam a2200313 i 4500
001 197930
003 ES-MaACL
005 20251217063026.0
008 251026s2001 sp a |||| 001 0 spa
017 _aM 25154-2001
_bOficina Depósito Legal Madrid
020 _a84-607-2301-1
040 _aES-MaACL
_bspa
_cES-MaACL
_erda
080 _a785.161
100 1 _aGómez de la Serna, Ramón,
_d1888-1963
_957901
_eaut
245 1 0 _aInterpretación del tango /
_cRamón Gómez de la Serna ; prólogo, Rafael Flores
250 _aPrimera edición; junio 2001
264 1 _a[Madrid] :
_bEdiciones de la Tierra,
_c[2001]
300 _a92 páginas :
_bilustraciones ;
_c21 cm
336 _2rdacontent
_aTexto
337 _2rdamedia
_asin mediación
338 _2rdacarrier
_avolumen
500 _aÍndice
650 7 _aTangos
_2embne
_9143176
852 _aES-MaACL
_cDEPO1
_jA-15884
_hDonación: José Lázaro García
_xEncuadernación rústica con solapas
_9206995
942 _cMONOGRAFIA
_n0
999 _c197930
_d197930